000 00529nam a2200229Ia 4500
003 OSt
005 20220916111036.0
006 a|||||r|||| 00| 0
007 ta
008 220915b |||||||| |||| 00| 0 eng d
024 _a127320
037 _cTextbook
040 _beng
_aARTS
_cARTS
041 _aeng
082 _aV687:1:N5, 122J6
100 _aBrom J L
245 0 _aMau Mau
260 _c1956
650 _aHISTORY
942 _hV687:1:N5, 122J6
_cTB
_2CC
999 _c104322
_d104322